000 00928nas a2200277 4500
001 BR0205324
003 BR-BrBNA
005 20231205103336.0
007 ta
008 230509b bl.|||p| |||| 00| 00por d
040 _aBR-BrBNA
_bpor
_cBiblioteca Nacional de Agricultura
041 _a(Pt)
072 _aQ04
100 1 _aHiane, P.A.Leal Filho, A.F.
100 1 _aRamos Filho, M.M.
100 1 _aRamos, M.I.L.
245 1 _aTeores de colesterol e lipídios totais em seis espécies de peixes capturados na região pantaneira do Estado de Mato Grosso do Sul
650 _aPEIXE FRESCO
650 _aCOLESTEROL
650 _aLIPÍDIO
650 _aTEOR DE UMIDADE
650 _aMATO GROSSO DO SUL
773 0 _tBoletim do Centro de Pesquisa e Processamento de Alimentos (Brazil)
_xISSN 0102-0323
_g(Jan-Jun 2002), v. 20(1) p. 65-74
_wBR0205324
909 _a202311
_bLúcia
_c55
_dLúcia Elande
942 _2AGRIS
_n0
_cANA
999 _c172356
_d172356